Selección y evolución adaptativa : fundamentos teóricos y empíricos desde la perspectiva de los lagartos /

Detalles Bibliográficos
Autor principal: Pincheira Donoso, Daniel (Autor)
Formato: Electrónico eBook
Lenguaje:español
Publicado: Santiago, Chile : Ediciones UC, 2012.
Materias:
Acceso en línea:Digitalia Hispánica

MARC

LEADER 00000nam a2200000Ii 4500
001 DIGUCCH0097
003 NyNyDIG
006 m o d
007 cr |||||||||||
008 250120s2012 cl a ob 000 0 spa d
035 |a (OCoLC)1491108927 
040 |a DGITA  |b eng  |e rda  |e pn  |c DGITA 
020 |z 9789561413078 
050 1 4 |a QL666.L2 ebook 
100 1 |a Pincheira Donoso, Daniel,  |e author. 
245 1 0 |a Selección y evolución adaptativa :  |b fundamentos teóricos y empíricos desde la perspectiva de los lagartos /  |c Daniel Pincheira-Donoso. 
264 1 |a Santiago, Chile :  |b Ediciones UC,  |c 2012. 
300 |a 1 online resource :  |b illustrations. 
336 |a text  |b txt  |2 rdacontent 
337 |a computer  |b c  |2 rdamedia 
338 |a online resource  |b cr  |2 rdacarrier 
347 |a text file  |2 rdaft 
347 |b EPUB 
347 |b PDF 
504 |a Includes bibliographical references. 
588 0 |a Online resource; title from PDF title page (Digitalia, viewed January 20, 2025) 
650 0 |a Lizards  |x Evolution. 
650 0 |a Evolution (Biology) 
776 0 8 |i Print version:  |a Pincheira Donoso, Daniel.  |t Selección y evolución adaptativa.  |d Santiago, Chile : Ediciones UC, 2012  |z 9789561413078 
791 2 |a Digitalia (Firm),  |e distributor. 
793 0 |g Digitalia eBook Collection:  |a Ediciones Universidad Católica de Chile 
856 4 0 |3 Digitalia Hispánica  |u https://www.digitaliapublishing.com/a/38276/ 
910 |a Premium collection: 2025